Vista normal
Vista MARC
Entrada Nombre corporativo
Número de registros utilizados en: 1
001 - NÚMERO DE CONTROL
- campo de control: 76827
003 - IDENTIFICADOR DEL NÚMERO DE CONTROL
- campo de control: OSt
005 - FECHA Y HORA DE LA ÚLTIMA TRANSACCIÓN
- campo de control: 20201009111607.0
008 - DATOS DE LONGITUD FIJA
- campo de control de longitud fija: 201009|| aca||aabn | a|a d
040 ## - FUENTE DE LA CATALOGACIÓN
- Centro catalogador/agencia de origen: OSt
- Centro/agencia transcriptor: OSt
110 ## - ENCABEZAMIENTO-NOMBRE DE ENTIDAD CORPORATIVA
- Nombre de entidad corporativa o nombre de jurisdicción como elemento de entrada: República Dominicana :
- Unidad subordinada: Oficiana Nacional de Estadística (ONE)
670 ## - FUENTE DE DATOS ENCONTRADOS
- Cita de la fuente: Work cat.: (OSt)47498: República Dominicana : Oficiana Nacional de Estadística (ONE), Primer informe de la República Dominicana sobre la implementación de la convención de de Naciones Unidas sobre los derechos de las personas con discapacidad, 2011.
